Multicolour edition of high school English grammar and composition

Bibliographic Details
Main Author: Wren
Format: Book
Published: Selangor : Crescent News (K.L.) Sdn Bhd , 2015
Subjects:

MARC

LEADER 00000cam a2200000 7i4500
001 0000045873
005 20150218.0
008 150218
020 |a 9789674090906 
090 0 0 |a 428.24   |b WRE 
100 1 |a Wren 
245 1 0 |a Multicolour edition of high school English grammar and composition   |c Wren and Martin 
260 |a Selangor :   |b Crescent News (K.L.) Sdn Bhd ,   |c 2015 
650 0 |a English language   |x Compositions 
650 0 |a English language   |x Grammar 
999 |a 0001334582   |b Book   |c Adult Collection   |e Cawangan Bukit Gambir 
999 |a 0001334584   |b Book   |c Adult Collection   |e Cawangan Tangkak 
999 |a 0001334585   |b Book   |c Adult Collection   |e Cawangan Taman Sri Lambak 
999 |a 0001334586   |b Book   |c Adult Collection   |e Cawangan Mersing 
999 |a 0001334587   |b Book   |c Adult Collection   |e Cawangan Bandar Penawar 
999 |a 0001334589   |b Book   |c Adult Collection   |e Cawangan Batu Pahat 
999 |a 0001334590   |b Book   |c Adult Collection   |e Cawangan Pontian 
999 |a 0001334591   |b Book   |c Adult Collection   |e Cawangan Tmn. Ungku Tun Aminah 
999 |a 0001334592   |b Book   |c Adult Collection   |e Cawangan Bandar Tenggara 
999 |a 0001334593   |b Book   |c Adult Collection   |e Cawangan Kota Tinggi 
999 |a 0001334594   |b Book   |c Adult Collection   |e Cawangan Segamat 
999 |a 0001335804   |b Book   |c Adult Collection   |e Perbadanan Perpustakaan Awam Johor 
999 |a 0001335805   |b Book   |c Adult Collection   |e Perbadanan Perpustakaan Awam Johor 
999 |a 0001335806   |b Book   |c Adult Collection   |e Cawangan Urban Transformation Centre 
999 |a 0001335807   |b Book   |c Adult Collection   |e Cawangan AEON Kulaijaya 
999 |a 1334588   |b Book   |c Adult Collection   |e Cawangan Muar